Countries by Where they Gained Independence - Statistics

General Stats
  • This quiz has been taken 150 times
    149 since last reset
  • The average score is 111 of 196
Answers on the Map
Answers color-coded by a green-red scale on the quiz's map according to % correct below.
 
Answer Stats
Country % Correct
British Empire
99%
Russia
94%
United States
92%
Japan
91%
China
89%
Germany
87%
France
86%
Soviet Union
75%
Italy
68%
Ottoman Empire
66%
Spanish Empire
63%
British Empire
61%
Ethiopia
58%
Portuguese Empire
56%
Australia
55%
Korea
55%
Yugoslavia
52%
British Empire
51%
Colombia
51%
Portuguese Empire
48%
French Empire
47%
Sudan
47%
Belgian Empire
45%
Czechoslovakia
45%
Pakistan
45%
Dutch Empire
43%
South Africa
43%
French Empire
39%
Danish Empire
37%
Indonesia
35%
Italian Empire
34%
Holy Roman Empire
33%
Nepal
32%
Gran Colombia
31%
New Zealand
29%
Malaysia
25%
North Vietnam
25%
Qing Dynasty
25%
Swedish Empire
25%
Roman Empire
23%
Germany
21%
Serbia & Montenegro
19%
Kalmar Union
12%
North Yemen
12%
Central American Federation
2%
Kingdom of Denmark
2%
Hapsburg Monarchy
1%
Kingdom of Castile
1%
Kingdom of Hejaz
1%
Pahlavi Dynasty
1%
Qing Empire
1%
Sukhothai Kingdom
1%
Urgell County
1%
No matching quizzes found
Score Distribution
Percent of People with Each Score
Percentile by Number Answered
Your Score History
You have not taken this quiz since the last reset